00311nam a2200133Ia 4500008004100000041000800041082001500049100002100064245002400085260002600109300000800135365001600143700001800159230718s9999 xx 000 0 und d aeng a294.1bRAD aRadhakrishnan S. aPrincipal Upanisads c1994bHarper Collings a958 cRs.b195.00 aRadhakrishnan